[Event "Tromsoe ol (Men) 41st"]
[Site "Tromsoe"]
[Date "2014.08.14"]
[Round "11.3"]
[White "Jianu, Vlad Cristian"]
[Black "Mekhitarian, Krikor Sevag"]
[Result "1/2-1/2"]
[WhiteElo "2579"]
[BlackElo "2568"]
[Annotator "Mekhitarian,K"]
[PlyCount "68"]
[EventDate "2014.08.02"]
[EventType "team-swiss"]
[EventRounds "11"]
[EventCountry "NOR"]
[SourceTitle "CBM 162"]
[Source "ChessBase"]
[SourceDate "2014.09.17"]
[SourceVersion "1"]
[SourceVersionDate "2014.09.17"]
[SourceQuality "1"]
[WhiteTeam "Romania"]
[BlackTeam "Brazil"]
[WhiteTeamCountry "ROU"]
[BlackTeamCountry "BRA"]

1. c4 Nf6 2. g3 c6 3. Bg2 d5 4. Nf3 g6 5. b3 Bg7 6. d4 O-O 7. O-O dxc4 8. bxc4
c5 9. Bb2 Qb6 10. Qb3 Ne4 11. e3 Nc6 12. Ne5 Ng5 $5 $146 {A novelty in
over-the-board games, but it has been already tried twice in correspondence
games.} (12... Nd6 {is the common move here, played in almost all the games so
far. Now White could keep a slight pressure following the main line:} 13. Nxc6
bxc6 14. dxc5 Qxc5 15. Bxg7 Kxg7 16. Nd2 {=/+/= White keeps the upper hand
with Rfc1, some Qb2 or Qc3+ followed by Nb3. In many games, White had a slight
annoying initiative on the Q-side. I thought an option would be to go deeper
into this position, but it felt like it was always somewhat difficult for
Black. Thus, I invested my time in preparing this new 12...Ng5!? idea.}) 13.
Nxc6 (13. f4 $5 {is the main alternative to the game} Nh3+ (13... Ne6 $2 14. d5
$16) 14. Kh1 cxd4 15. exd4 Rd8 $13 {with a complicated position} 16. d5 $4 {
is sort of a weak move, I would say:} Qg1+ $1 17. Rxg1 Nf2# {not a bad finish!}
) (13. h4 Ne6 $1 {because here White does not have d5 (as compared to the 13.
f4 line).}) 13... bxc6 14. Qxb6 axb6 15. Bxc6 Ra7 16. Nd2 {This is the most
logical move, and the one I spent more time worrying about during my
preparation.} (16. a4 $5 {This weird move was seen in both of these
aforementioned games. The idea is to avoid Ra4 in some lines (after a possible
Nc3-Nb5)} Bh3 {feels like the most logical way to activate. The other game was
strange} 17. Rc1 Rc8 $44 {1/2-1/2 (48) Chazalette,J (2291)-Querci,A (2320)
ICCF 2011; and Black has a nice compensation.}) 16... Rd8 17. Nb3 Rc7 18. Bg2 {
Now I have to admit I was pretty excited about being able to play this Ng5,
and to have a huge time advantage by now, in such an important game, as the
last round of the Olympiad. We had 14 points out of 20, and a win would mean
the best result ever for our team. I remembered from my analysis that Black
was fine here, but I blitzed the following 2 moves out of memory, a huge
mistake!} cxd4 (18... Nh3+ $1 19. Kh1 (19. Bxh3 $6 Bxh3 20. Rfc1 Rdc8 $15 {
it's the kind of position I was looking for - soon getting the P back, and
already slightly better, because of the B pair, and the weaknesses around the
white K}) 19... cxd4 20. Bxd4 Bxd4 $5 (20... Rxc4 21. Bxb6 Rd6 {This was the
line I remembered very clearly, but during the game I forgot to play 18...
Nh3+. Yes, it is a huge mistake to focus on remembering and not understanding
or double-checking things during the game} 22. Bd4 Bxd4 23. Nxd4 e5 $44 {
followed by Rc2}) 21. Nxd4 e5 22. Nf3 (22. Nc6 $6 Rd2 $1 $15) 22... Rxc4 $13 {
with a complex position, but looking preferable for Black already}) 19. Bxd4
Rxc4 $2 {Now with the N still on g5, it is different. White is able to hold
his additional P.} (19... Bxd4 {would still be similar to the analysis above}
20. Nxd4 Nh3+ 21. Bxh3 Bxh3 22. Rfb1 Rxc4 23. Rxb6 e5 $44 {way better than the
endgame I reached. Here Black is clearly without problems, since the a-P is a
real target, and the K weakness could also play an important role.}) 20. Bxb6
Rd6 21. Rac1 $1 {Suddenly I started to realise I had made a mistake mixing
moves. But I also felt it wouldn't be easy for him, since I would be able to
get the B-pair (in worse conditions, but still, Black is able to put up strong
resistance).} Nh3+ 22. Bxh3 Rxc1 23. Rxc1 Bxh3 24. Bc5 Ra6 25. a3 $1 {Here I
planned on bringing my K closer to the centre first of all. Since it is not
clear how White will advance his a-P.} (25. Bxe7 Rxa2 $14 {would have made my
life easier.}) 25... Kf8 (25... Bb2 $6 {going after the poisoned P is not a
good idea} 26. Rb1 Bxa3 $4 27. Ra1 $1 Be6 28. Nd4 $18) 26. Nd4 Bd7 27. f3 Ke8
28. Kf2 Ra8 29. Bb4 {I felt my opponent was playing very precisely, and was
ready to squeeze me in this endgame. I wasn't really sure what my plan was - I
didn't want to play ...e5, since giving up these central squares could be
trouble for me. I considered exchanging Rs, but I could do it later If I had
to. So probably I was going to wait and see what his intentions were.} h5 (
29... Bxd4 30. exd4 Rc8 31. Bc5 Bc6 $14 {was possible, but I thought there was
no rush for me to give my B-pair away. And this position also seemed like
potential long suffering for me, so I decided not to go for any direct actions.
I also noticed it wouldn't be too easy to activate my R here, and also when
White plays Re1, I will be forced to play e6, leaving many weak dark-squares 
(allowing a K invasion at some point).}) 30. Nb3 Ba4 (30... Bb2 {at first I
didn't understand why I couldn't take on a3} 31. Rb1 Bxa3 $4 32. Ra1 Rb8 33.
Rxa3 $1 {but then it was clear I had to be careful once again} Rxb4 34. Ra8+
$18) 31. Nc5 (31. Nd2 $5 {threatening Rc7} Bd7 32. Rc5 {maybe bringing the N
to c4, and trying to create some additional pressure?} Rc8 $5 {now it could be
a good time to exchange the Rs} 33. Nb3 Rxc5 34. Nxc5 Bc6 {here White could
choose not to push his P right now, but then it looks hard to make any progress
} 35. a4 (35. Nd3 Kd7 36. e4 Bd4+ 37. Ke2 Bb5 $132) 35... Be5 36. a5 Bd6 $1 {
using a nice tactical idea} 37. Nd3 Bb5 $1 38. Bxd6 Bxd3 $11) 31... Rc8 32. Nb3
Ra8 33. Nc5 Rc8 34. Nb3 Ra8 {I was happy to claim the 3-fold repetition, and
also felt slightly confused as to whether my opponent had just forgotten about
it or felt he had no chances to push harder. In any case, we ended up drawing
this match against the strong Romanian team, finishing the Oolympiad in 22nd
place, overall a great result for Brazil!} 1/2-1/2

[Event "Maringa op 4th"]
[Site "Maringa"]
[Date "2014.08.20"]
[Round "1"]
[White "Do Prado, Hamilton Mesquita"]
[Black "Mekhitarian, Krikor Sevag"]
[Result "0-1"]
[WhiteElo "1625"]
[BlackElo "2565"]
[PlyCount "66"]
[EventDate "2014.08.20"]
[EventType "swiss"]
[EventRounds "9"]
[EventCountry "BRA"]
[SourceTitle "EXT 2015"]
[Source "ChessBase"]
[SourceDate "2014.11.20"]
[SourceVersion "1"]
[SourceVersionDate "2014.11.20"]
[SourceQuality "1"]

1. d4 Nf6 2. Bf4 d5 3. e3 c5 4. c3 Nc6 5. h3 Qb6 6. Qc1 Bf5 7. Nf3 Rc8 8. Nbd2
cxd4 9. Nxd4 Bg6 10. Nxc6 Rxc6 11. Be2 e6 12. O-O Be7 13. Bf3 O-O 14. a3 Rd8
15. Be2 Rcc8 16. Ra2 Nd7 17. Qd1 e5 18. Bg3 f6 19. Qb3 Qxb3 20. Nxb3 Bf7 21.
Nd2 d4 22. c4 dxe3 23. fxe3 b5 24. b3 bxc4 25. Nxc4 Nc5 26. Rb2 Nxb3 27. Rxb3
Bxc4 28. Bxc4+ Rxc4 29. Rfb1 Ra4 30. Rb8 Rxb8 31. Rxb8+ Kf7 32. Rb7 Rxa3 33. e4
Rxg3 0-1

[Event "Maringa op 4th"]
[Site "Maringa"]
[Date "2014.08.20"]
[Round "2"]
[White "Mekhitarian, Krikor Sevag"]
[Black "Deus Filho, Joaquim"]
[Result "1-0"]
[WhiteElo "2565"]
[BlackElo "1975"]
[PlyCount "39"]
[EventDate "2014.08.20"]
[EventType "swiss"]
[EventRounds "9"]
[EventCountry "BRA"]
[SourceTitle "EXT 2015"]
[Source "ChessBase"]
[SourceDate "2014.11.20"]
[SourceVersion "1"]
[SourceVersionDate "2014.11.20"]
[SourceQuality "1"]

1. d4 e6 2. e4 b6 3. Nf3 Bb7 4. Bd3 c5 5. c3 d6 6. O-O Qc7 7. Re1 e5 8. Na3 Nd7
9. b4 Ngf6 10. bxc5 bxc5 11. Rb1 Rb8 12. dxe5 dxe5 13. Qa4 a6 14. Nxe5 Qxe5 15.
Nc4 Qxc3 16. Rd1 Bc6 17. Qxc6 Rxb1 18. Bxb1 Qxc4 19. e5 Nd5 20. Bf5 1-0

[Event "Maringa op 4th"]
[Site "Maringa"]
[Date "2014.08.21"]
[Round "3"]
[White "Cantarino Neto, Mario Ribeiro"]
[Black "Mekhitarian, Krikor Sevag"]
[Result "0-1"]
[WhiteElo "2115"]
[BlackElo "2565"]
[PlyCount "58"]
[EventDate "2014.08.20"]
[EventType "swiss"]
[EventRounds "9"]
[EventCountry "BRA"]
[SourceTitle "EXT 2015"]
[Source "ChessBase"]
[SourceDate "2014.11.20"]
[SourceVersion "1"]
[SourceVersionDate "2014.11.20"]
[SourceQuality "1"]

1. d4 Nf6 2. c4 g6 3. Nc3 d5 4. cxd5 Nxd5 5. Bd2 Bg7 6. e4 Nb6 7. Be3 O-O 8. h3
Nc6 9. Nf3 f5 10. exf5 gxf5 11. g3 Be6 12. Bg2 Bc4 13. Bf1 Qd7 14. Bxc4+ Nxc4
15. Qb3 N6a5 16. Qc2 Qc6 17. Ke2 Qa6 18. Qd3 Rad8 19. b3 e5 20. Nxe5 Bxe5 21.
bxc4 Nxc4 22. Rhd1 c5 23. d5 Bxc3 24. Qxc3 Ne5+ 25. Kd2 Rxd5+ 26. Kc2 Qa4+ 27.
Qb3 Qe4+ 28. Kc3 c4 29. Qc2 Nd3 0-1

[Event "Maringa op 4th"]
[Site "Maringa"]
[Date "2014.08.21"]
[Round "4"]
[White "Mekhitarian, Krikor Sevag"]
[Black "Abdalla, Luiz Guilherme"]
[Result "0-1"]
[WhiteElo "2565"]
[BlackElo "2285"]
[PlyCount "64"]
[EventDate "2014.08.20"]
[EventType "swiss"]
[EventRounds "9"]
[EventCountry "BRA"]
[SourceTitle "EXT 2015"]
[Source "ChessBase"]
[SourceDate "2014.11.20"]
[SourceVersion "1"]
[SourceVersionDate "2014.11.20"]
[SourceQuality "1"]

1. e4 e5 2. Nf3 Nc6 3. Bb5 Nf6 4. Nc3 Bc5 5. Nxe5 Nxe5 6. d4 Bb4 7. dxe5 Nxe4
8. Qd4 Nxc3 9. bxc3 Be7 10. Qg4 g6 11. Bh6 c6 12. Bd3 d5 13. Qf4 Be6 14. O-O
Qa5 15. Rab1 O-O-O 16. Rb3 Rd7 17. Rfb1 Kb8 18. Qc1 Ka8 19. Bd2 Rb8 20. g3 h5
21. Be3 h4 22. Bd4 Rh8 23. Qb2 Qc7 24. Ra3 c5 25. Be3 hxg3 26. fxg3 d4 27. Bf2
Bd5 28. c4 Bc6 29. Re1 Rdd8 30. Qb1 Rxh2 31. Be4 Rdh8 32. Bd5 Qd7 0-1

[Event "Maringa op 4th"]
[Site "Maringa"]
[Date "2014.08.22"]
[Round "5"]
[White "Mekhitarian, Krikor Sevag"]
[Black "Zini, Jhone Marcelo"]
[Result "1-0"]
[WhiteElo "2565"]
[BlackElo "2065"]
[PlyCount "103"]
[EventDate "2014.08.20"]
[EventType "swiss"]
[EventRounds "9"]
[EventCountry "BRA"]
[SourceTitle "EXT 2015"]
[Source "ChessBase"]
[SourceDate "2014.11.20"]
[SourceVersion "1"]
[SourceVersionDate "2014.11.20"]
[SourceQuality "1"]

1. e4 e5 2. Nf3 d6 3. d4 Nd7 4. Bc4 c6 5. O-O Be7 6. dxe5 dxe5 7. Ng5 Bxg5 8.
Qh5 Qe7 9. Bxg5 Ngf6 10. Qh4 Nf8 11. Re1 Ng6 12. Qg3 h6 13. Bc1 Nh5 14. Qa3
Qxa3 15. Nxa3 Nhf4 16. Be3 O-O 17. Rad1 Re8 18. Bf1 b5 19. Rd6 Ne7 20. Red1 Be6
21. c4 a6 22. b3 Nfg6 23. f3 Nf8 24. Kf2 f6 25. g3 Bf7 26. Bh3 bxc4 27. Nxc4
Bxc4 28. bxc4 Rab8 29. Bc5 Kf7 30. R1d2 a5 31. Ba3 a4 32. Ke3 Ra8 33. Kd3 Red8
34. Kc3 Rxd6 35. Rxd6 Rb8 36. Bb4 Rb7 37. Rd8 Rc7 38. Bc5 Rb7 39. Ra8 Nd7 40.
Bxd7 Rxd7 41. Rxa4 Nc8 42. Ra6 Rc7 43. a4 Ke6 44. a5 g6 45. Ra8 f5 46. a6 fxe4
47. fxe4 Nd6 48. a7 Nxe4+ 49. Kc2 Kd7 50. Rd8+ Kxd8 51. a8=Q+ Kd7 52. Bb6 1-0

[Event "Maringa op 4th"]
[Site "Maringa"]
[Date "2014.08.22"]
[Round "6"]
[White "Martins, Carlos"]
[Black "Mekhitarian, Krikor Sevag"]
[Result "0-1"]
[WhiteElo "2215"]
[BlackElo "2565"]
[PlyCount "106"]
[EventDate "2014.08.20"]
[EventType "swiss"]
[EventRounds "9"]
[EventCountry "BRA"]
[SourceTitle "EXT 2015"]
[Source "ChessBase"]
[SourceDate "2014.11.20"]
[SourceVersion "1"]
[SourceVersionDate "2014.11.20"]
[SourceQuality "1"]

1. e4 c5 2. Nf3 d6 3. d4 cxd4 4. Nxd4 Nf6 5. Nc3 a6 6. Be3 e6 7. f3 b5 8. Qd2
b4 9. Nce2 e5 10. Nb3 a5 11. O-O-O a4 12. Nc5 Nc6 13. Nd3 d5 14. exd5 Qxd5 15.
Kb1 Be6 16. Ndc1 Qa5 17. Ng3 Be7 18. Bd3 O-O 19. Be4 Rad8 20. Qf2 Nd5 21. Bxd5
Rxd5 22. Rxd5 Qxd5 23. Qd2 Qxd2 24. Bxd2 Rd8 25. Be3 f5 26. Bb6 Rd2 27. Rg1 Kf7
28. b3 axb3 29. Nxb3 Rd5 30. Ne2 f4 31. Kc1 Rb5 32. Bf2 Na5 33. Re1 Bd5 34. Kd1
Nc4 35. Nec1 Nb2+ 36. Kd2 Rb8 37. Nd3 Nxd3 38. cxd3 Ra8 39. Nc1 b3 40. axb3
Bb4+ 41. Kc2 Bxe1 42. Bxe1 g5 43. Bc3 Ke6 44. h3 h5 45. Kd2 g4 46. hxg4 hxg4
47. d4 e4 48. fxg4 e3+ 49. Kd3 Bxg2 50. d5+ Kxd5 51. g5 Bf1+ 52. Kc2 f3 53. g6
f2 0-1

[Event "Maringa op 4th"]
[Site "Maringa"]
[Date "2014.08.23"]
[Round "7"]
[White "Mekhitarian, Krikor Sevag"]
[Black "Proudian, Armen"]
[Result "1/2-1/2"]
[WhiteElo "2565"]
[BlackElo "2320"]
[PlyCount "122"]
[EventDate "2014.08.20"]
[EventType "swiss"]
[EventRounds "9"]
[EventCountry "BRA"]
[SourceTitle "EXT 2015"]
[Source "ChessBase"]
[SourceDate "2014.11.20"]
[SourceVersion "1"]
[SourceVersionDate "2014.11.20"]
[SourceQuality "1"]

1. c4 Nf6 2. g3 e6 3. Bg2 d5 4. Nf3 dxc4 5. Qa4+ Nbd7 6. Qxc4 a6 7. Qb3 Be7 8.
O-O O-O 9. Rd1 c6 10. d4 Nd5 11. e4 N5f6 12. Nc3 b5 13. d5 cxd5 14. exd5 Nc5
15. Qc2 Nxd5 16. Nxd5 exd5 17. Ng5 Bxg5 18. Rxd5 Qe8 19. Bxg5 Ne6 20. Be3 Bd7
21. Rd6 Rc8 22. Qe4 Rc4 23. Qb7 Bc8 24. Qa7 Rc7 25. Qb6 Rd7 26. Rad1 Rxd6 27.
Qxd6 Qd8 28. Bb6 Qf6 29. f4 g6 30. Bd4 Qd8 31. Bc3 Qxd6 32. Rxd6 Rd8 33. Rxd8+
Nxd8 34. Bf6 Ne6 35. Kf2 Kf8 36. Bc6 Nc5 37. Ke3 Bb7 38. Bxb7 Nxb7 39. Kd4 Ke8
40. Kd5 Kd7 41. Be5 h5 42. b3 Nd8 43. Kc5 g5 44. fxg5 Ne6+ 45. Kb6 Nxg5 46.
Kxa6 Kc6 47. a4 bxa4 48. bxa4 Nf3 49. Bf4 Nxh2 50. a5 Nf3 51. Ka7 Nd4 52. Be3
Nf5 53. Bb6 Nxg3 54. a6 Ne4 55. Kb8 Nf6 56. Bd4 Nd7+ 57. Kc8 Nb6+ 58. Kd8 h4
59. a7 h3 60. Bxb6 Kb7 61. Bg1 h2 1/2-1/2

[Event "Maringa op 4th"]
[Site "Maringa"]
[Date "2014.08.23"]
[Round "8"]
[White "Pires, Marcos Vinicius Tor"]
[Black "Mekhitarian, Krikor Sevag"]
[Result "0-1"]
[WhiteElo "2265"]
[BlackElo "2565"]
[PlyCount "54"]
[EventDate "2014.08.20"]
[EventType "swiss"]
[EventRounds "9"]
[EventCountry "BRA"]
[SourceTitle "EXT 2015"]
[Source "ChessBase"]
[SourceDate "2014.11.20"]
[SourceVersion "1"]
[SourceVersionDate "2014.11.20"]
[SourceQuality "1"]

1. Nf3 d5 2. d4 Nf6 3. c4 e6 4. g3 Bb4+ 5. Bd2 Be7 6. Bg2 O-O 7. O-O dxc4 8.
Qc2 b5 9. a4 b4 10. Re1 Ba6 11. Ne5 Qxd4 12. Bxa8 Qxe5 13. Bf3 g5 14. e4 Nc6
15. Be3 b3 16. Qc1 Nb4 17. Na3 c3 18. bxc3 Nd3 19. Qd2 b2 20. Nb5 bxa1=Q 21.
Rxa1 Nc5 22. Bd4 Nfxe4 23. Qe3 Qf5 24. Re1 Bb7 25. Bxc5 Bxc5 26. Bxe4 Bxe4 27.
Qxe4 Bxf2+ 0-1

[Event "Maringa op 4th"]
[Site "Maringa"]
[Date "2014.08.24"]
[Round "9"]
[White "Mekhitarian, Krikor Sevag"]
[Black "Perdomo, Leandro Daniel"]
[Result "1/2-1/2"]
[WhiteElo "2565"]
[BlackElo "2410"]
[PlyCount "192"]
[EventDate "2014.08.20"]
[EventType "swiss"]
[EventRounds "9"]
[EventCountry "BRA"]
[SourceTitle "EXT 2015"]
[Source "ChessBase"]
[SourceDate "2014.11.20"]
[SourceVersion "1"]
[SourceVersionDate "2014.11.20"]
[SourceQuality "1"]

1. d4 Nf6 2. c4 g6 3. Nc3 Bg7 4. e4 d6 5. Nf3 O-O 6. h3 e5 7. d5 Nh5 8. g3 a5
9. Be2 Na6 10. Nh2 Nc5 11. Bxh5 gxh5 12. g4 Kh8 13. Be3 c6 14. Qc2 cxd5 15.
Nxd5 Ne6 16. Nf3 Nd4 17. Qd1 hxg4 18. Nxd4 exd4 19. Bxd4 Qg5 20. hxg4 Bxg4 21.
f3 Be6 22. Qd3 Bxd5 23. exd5 Rae8+ 24. Kf1 Qg6 25. Rd1 Qxd3+ 26. Rxd3 f5 27.
Kf2 Rf7 28. Rh5 Rc8 29. b3 a4 30. Bxg7+ Kxg7 31. Rd1 axb3 32. axb3 b5 33. Rg1+
Kf8 34. Rhg5 Ke7 35. Rg8 Rc5 36. Re1+ Kd7 37. Rc1 Kc7 38. Ra8 Kb6 39. Rca1 Rb7
40. R8a6+ Kc7 41. Rh1 bxc4 42. bxc4 Kb8 43. Rh4 Rd7 44. Ke3 Kb7 45. Ra1 Rcc7
46. Kd3 Rg7 47. Rah1 Rg3 48. Rf4 Rg5 49. Rh6 Rg6 50. Rh5 Kb6 51. Rhxf5 Rg1 52.
Rf7 Rg7 53. Rxc7 Rxc7 54. Kd4 Rg7 55. Rf6 Kc7 56. f4 Rg4 57. Ke4 Rg7 58. Rh6
Kd7 59. Kf5 Ke7 60. Re6+ Kd7 61. Rh6 Ke7 62. Re6+ Kd7 63. Re1 Rf7+ 64. Kg5 h6+
65. Kg4 Rg7+ 66. Kh5 Rf7 67. Re4 Rf6 68. Kg4 Rg6+ 69. Kf5 Rg1 70. Kf6 Rg4 71.
Kf5 Rg1 72. Re6 Rc1 73. Rxh6 Rxc4 74. Rh7+ Kd8 75. Rf7 Ke8 76. Ra7 Kd8 77. Kg5
Rc5 78. f5 Rxd5 79. Kg6 Rd1 80. f6 Rg1+ 81. Kf7 Re1 82. Kf8 d5 83. f7 Rg1 84.
Re7 Rg5 85. Ra7 Rg1 86. Ra6 Kd7 87. Rh6 Rg5 88. Rh8 Rg4 89. Rg8 Rf4 90. Rg1 d4
91. Rg6 Rf3 92. Rg4 Ke6 93. Rg6+ Ke5 94. Rg4 d3 95. Ke7 d2 96. Rg1 Kd4 1/2-1/2

[Event "Brasilia Terra Viva op"]
[Site "Brasilia"]
[Date "2014.09.19"]
[Round "1"]
[White "Mekhitarian, Krikor Sevag"]
[Black "De Oliveira, Italo Candido"]
[Result "1-0"]
[WhiteElo "2568"]
[BlackElo "1792"]
[PlyCount "49"]
[EventDate "2014.09.19"]
[EventType "swiss"]
[EventRounds "6"]
[EventCountry "BRA"]
[SourceTitle "CBM 162 Extra"]
[Source "ChessBase"]
[SourceDate "2014.10.17"]
[SourceVersion "1"]
[SourceVersionDate "2014.10.17"]
[SourceQuality "1"]

1. e4 d6 2. d4 Nf6 3. Nc3 e5 4. Nf3 Nbd7 5. Bc4 Be7 6. O-O c6 7. a4 a5 8. Re1
O-O 9. h3 exd4 10. Qxd4 Qb6 11. Bf4 Qxd4 12. Nxd4 Ne5 13. Ba2 Re8 14. Rad1 g6
15. Bh2 Ned7 16. Nf3 Nf8 17. Ng5 Ne6 18. Nxe6 Bxe6 19. Bxe6 fxe6 20. Bxd6 Bxd6
21. Rxd6 Kf7 22. e5 Ke7 23. Red1 Nd5 24. Ne4 Nb6 25. Ng5 1-0

[Event "Brasilia Terra Viva op"]
[Site "Brasilia"]
[Date "2014.09.19"]
[Round "2"]
[White "Abrantes, Tiago Garrido"]
[Black "Mekhitarian, Krikor Sevag"]
[Result "1/2-1/2"]
[WhiteElo "2131"]
[BlackElo "2568"]
[PlyCount "81"]
[EventDate "2014.09.19"]
[EventType "swiss"]
[EventRounds "6"]
[EventCountry "BRA"]
[SourceTitle "CBM 162 Extra"]
[Source "ChessBase"]
[SourceDate "2014.10.17"]
[SourceVersion "1"]
[SourceVersionDate "2014.10.17"]
[SourceQuality "1"]

1. c4 Nf6 2. g3 e5 3. Bg2 d5 4. cxd5 Nxd5 5. Nc3 Nb6 6. Nf3 Nc6 7. d3 Be7 8.
O-O O-O 9. a3 Be6 10. b4 Nd4 11. Nxd4 exd4 12. Ne4 Bd5 13. Bb2 f5 14. Nd2 a5
15. b5 a4 16. Qc2 Bxg2 17. Kxg2 Bf6 18. Qc5 Qd5+ 19. Qxd5+ Nxd5 20. Nf3 Nc3 21.
Bxc3 dxc3 22. Rfc1 Ra5 23. Rab1 Rd8 24. d4 Bxd4 25. Nxd4 Rxd4 26. Rxc3 Rd7 27.
Rc5 g6 28. Rbc1 Re7 29. e3 Kf7 30. Rxc7 Rxb5 31. Rxe7+ Kxe7 32. Rc4 Rb3 33.
Rxa4 Kf6 34. h4 h5 35. Kf3 Kg7 36. Rb4 Rxa3 37. Rxb7+ Kf6 38. Rb6+ Kg7 39. Rb7+
Kf6 40. Rb6+ Kg7 41. Rb7+ 1/2-1/2

[Event "Brasilia Terra Viva op"]
[Site "Brasilia"]
[Date "2014.09.20"]
[Round "3"]
[White "Mekhitarian, Krikor Sevag"]
[Black "Sa, Antonio Villar Marq"]
[Result "1-0"]
[WhiteElo "2568"]
[BlackElo "1929"]
[PlyCount "121"]
[EventDate "2014.09.19"]
[EventType "swiss"]
[EventRounds "6"]
[EventCountry "BRA"]
[SourceTitle "CBM 162 Extra"]
[Source "ChessBase"]
[SourceDate "2014.10.17"]
[SourceVersion "1"]
[SourceVersionDate "2014.10.17"]
[SourceQuality "1"]

1. e4 e5 2. Nf3 Nc6 3. Bb5 a6 4. Ba4 Nf6 5. O-O Be7 6. d3 b5 7. Bb3 d6 8. a4
Bd7 9. c3 Na5 10. Bc2 c5 11. d4 cxd4 12. cxd4 Nc6 13. h3 O-O 14. Nc3 Rb8 15.
axb5 axb5 16. d5 Nb4 17. Bb1 Ra8 18. Rxa8 Qxa8 19. Qe2 Rb8 20. Be3 Bd8 21. Qd2
Ba5 22. Rc1 Rc8 23. Qe2 Qb7 24. Kh2 Be8 25. Nh4 g6 26. Bh6 Bd7 27. Be3 Bb6 28.
Bd2 Bc5 29. Nd1 Qa8 30. Nc3 Qb7 31. Nf3 Kg7 32. Qe1 Qb6 33. Nd1 Na6 34. Bd3 Rb8
35. b4 Bd4 36. Nxd4 Qxd4 37. Qe3 Qxe3 38. Nxe3 Ne8 39. Ra1 Nec7 40. g3 f6 41.
Kg2 Kf7 42. Nc2 f5 43. f3 Kf6 44. h4 Be8 45. Rf1 Bd7 46. Ra1 Rg8 47. Bg5+ Kf7
48. Rb1 Rh8 49. Bh6 Kf6 50. Ne3 fxe4 51. fxe4 Rc8 52. Nc2 Kf7 53. Rf1+ Ke7 54.
Bg5+ Ke8 55. Rf6 Bg4 56. Rxd6 Bd1 57. Rc6 Bxc2 58. Rxc2 Kd7 59. Bd2 Rf8 60. Be2
h5 61. Rc6 1-0

[Event "Brasilia Terra Viva op"]
[Site "Brasilia"]
[Date "2014.09.20"]
[Round "4"]
[White "Lucena, Lincoln"]
[Black "Mekhitarian, Krikor Sevag"]
[Result "0-1"]
[WhiteElo "2164"]
[BlackElo "2568"]
[PlyCount "92"]
[EventDate "2014.09.19"]
[EventType "swiss"]
[EventRounds "6"]
[EventCountry "BRA"]
[SourceTitle "CBM 162 Extra"]
[Source "ChessBase"]
[SourceDate "2014.10.17"]
[SourceVersion "1"]
[SourceVersionDate "2014.10.17"]
[SourceQuality "1"]

1. e4 c5 2. Nc3 Nc6 3. g3 g6 4. Bg2 Bg7 5. Nge2 e6 6. O-O Nge7 7. d3 O-O 8. h3
d6 9. Kh2 b6 10. f4 f5 11. g4 Bb7 12. gxf5 exf5 13. Ng3 Nd4 14. Nd5 fxe4 15.
Nxe7+ Qxe7 16. dxe4 Rae8 17. c3 Ne6 18. Qg4 Bc8 19. f5 Nd8 20. Bg5 Bf6 21. Bh6
Bg7 22. Bg5 Qc7 23. Qh4 Nf7 24. fxg6 hxg6 25. Bf6 Ne5 26. Rad1 Be6 27. b3 Rxf6
28. Rxf6 Qe7 29. Rdf1 Bxf6 30. Qxf6 Qxf6 31. Rxf6 Kg7 32. Rf2 Rh8 33. Rd2 Rd8
34. Ne2 g5 35. Kg3 Kf6 36. Ng1 a5 37. Rf2+ Ke7 38. Nf3 Nf7 39. c4 Rg8 40. Nh2
Ne5 41. Bf1 a4 42. Be2 axb3 43. axb3 Ra8 44. Nf3 Nxf3 45. Rxf3 Ra2 46. Rf2 Rb2
0-1

[Event "Brasilia Terra Viva op"]
[Site "Brasilia"]
[Date "2014.09.21"]
[Round "5"]
[White "Mekhitarian, Krikor Sevag"]
[Black "Barbosa, Evandro Amorim"]
[Result "1/2-1/2"]
[WhiteElo "2568"]
[BlackElo "2439"]
[PlyCount "39"]
[EventDate "2014.09.19"]
[EventType "swiss"]
[EventRounds "6"]
[EventCountry "BRA"]
[SourceTitle "CBM 162 Extra"]
[Source "ChessBase"]
[SourceDate "2014.10.17"]
[SourceVersion "1"]
[SourceVersionDate "2014.10.17"]
[SourceQuality "1"]

1. d4 Nf6 2. c4 g6 3. Nf3 Bg7 4. e3 O-O 5. Be2 d6 6. O-O Nbd7 7. Nc3 e5 8. Qc2
Re8 9. b4 Nf8 10. Bb2 e4 11. Nd2 Bf5 12. d5 h5 13. Nb3 Ng4 14. h3 Qh4 15. hxg4
Be5 16. g3 Bxg3 17. fxg3 Qxg3+ 18. Kh1 Qh3+ 19. Kg1 Qg3+ 20. Kh1 1/2-1/2